000 00796nam a2200241 i 4500
001 92445
003 ES-MaACL
007 t|
008 050308s1980 sp ||||1| spa d
020 _a84-206-2430-6
100 1 _aLinden, Eugene.
_972388
245 1 0 _aMonos, hombres y lenguaje /
_cEugene Linden; versión española de Juan Carlos Gómez Crespo y Helena Rivero.
250 _aEd. aum. y puesta al dia, con un nuevo apéndice.
260 _aMadrid :
_bAlianza,
_c1980.
300 _a308 p. :
_bil. ;
_c20 cm.
490 1 _aAlianza universidad ;
_v430
504 _aBibliografía.
700 1 _aGómez Crespo, Juan Carlos.
_957878
700 1 _aRivero, Helena.
_997683
830 0 _aAlianza universidad ;
_v430
_9177276
852 _aES-MaACL
_jL-9878
_bR.111460
999 _c92445
_d92445